000 00402nam a2200169Ia 4500
008 210210b2011 xxu||||| |||| 00| 0 eng d
020 _a9788127256395
041 _aeng
082 _a620.8 SINB
100 _aSINGH (B D)
245 _aBiotechnology
260 _aLudhiana
_bKalyani Publishers
_c2011
300 _axiv,702
650 _aBiotechnology
690 _aBiotechnology
906 _a066570
999 _c148204
_d148204